Tintti-hahmot -kuvavisa - Statistics

Yleistilastot
  • Tätä visaa on pelattu 40 kertaa
  • Keskiarvotulos 7 / 20
Vastaustilastot
Kuvavisa Vastaus % Oikein
Tintti
100%
Milou
86%
Kapteeni Haddock
72%
Professori Tuhatkauno
67%
Bianca Castafiore
56%
Dupond ja Dupont
44%
Allan Thompson
36%
Roberto Rastapopoulos
31%
Nestor
28%
Tohtori Müller
22%
Mitsuhirato
17%
Pahk
17%
Eversti Boris
14%
Irma
14%
Kenraali Alcazar
14%
Tšang
14%
Séraphin Lampion
11%
Oliveira da Figueira
8%
Professori Tornado
8%
Laszlo Carreidas
6%
Ehtoja vastaavia visoja ei löytynyt
Tulosjakauma
Jokaisen tuloksen saaneiden osuus
Persentiili vastausten määrän mukaan
Tuloshistoriasi
Et ole pelannut tätä visaa